| 000 | 02231cam a2200445Li 4500 | ||
|---|---|---|---|
| 001 | 80137 | ||
| 005 | 20230410103901.0 | ||
| 008 | 090512s20092005fr 001 0 fre d | ||
| 035 | _a(OCoLC)ocn470972014 | ||
| 040 |
_aBDF _bfre _cBDF |
||
| 016 | 7 |
_aFRBNF414797380000009 _2FrPBN |
|
| 020 | _a9782200242695 (br) | ||
| 020 | _a2200242697 (br) | ||
| 029 | 1 |
_aZWZ _b133802205 |
|
| 035 | _a(OCoLC)470972014 | ||
| 082 | 0 | 0 | _a327.160 90511 |
| 049 | _aGRAL | ||
| 050 | 1 | 4 |
_a416 DS 119.76 _bB715v 2009 |
| 100 | 1 |
_aBoniface, Pascal, _d1956-. |
|
| 245 | 1 | 0 |
_aVers la quatriéme guerre mondiale ? / _cPascal Boniface. |
| 246 | 0 | 4 | _aVers la 4e guerre mondiale ? |
| 250 | _a2e ed. | ||
| 260 |
_aParis : _bEdition Armand Colin, _c2009 c2005 |
||
| 300 |
_a205 p.; _c23 cm. |
||
| 500 | _aLa couv. porte en plus : "Ou on en est : apráes Gaza, apres Obama" | ||
| 500 | _aEn appendice, liste des vetos americains au Conseil de securite des Nations Unies concernant le conflit israelo-palestinien. | ||
| 504 | _aIncludes index | ||
| 505 | 0 | _aHuntington est mor, vive Huntington!, p.9 -- Obama peut-il changer la donne?, p.23 -- Créer son enemi, p.31 -- De la guerre froide au choc des civilisations, p.37 -- Le conflit israélo-palestinien, p.51 -- De la création d`Israël à l`ONU à l`insolement d`Israël à l`ONU, p.63 -- Un diagnostic largement portagé, p.73 -- États-Unis/Israël, p.87 -- Guerre contre le terrorisme, p.117 -- États-Unis, monde musulman, p.143 -- La tentation de l`extension du conflit, p.155 -- Quel rôle pour l`Europe?, p.169 -- Espérer dans les ressorts de la société israélienne, p.179. | |
| 650 | 7 |
_aConflit israelo-arabe. _2ram |
|
| 650 | 7 |
_aTensions internationales _y1990-.... _2ram |
|
| 650 | 7 |
_aTerrorisme _xLutte contre _y1990-.... _2ram |
|
| 651 | 7 |
_aEtats-Unis _xRelations exterieures _zMoyen-Orient _y1990-.... _2ram |
|
| 651 | 7 |
_aMoyen-Orient _xRelations exterieures _zEtats-Unis _y1990-.... _2ram |
|
| 856 | 4 | 2 |
_3Notice et cote du catalogue de la Bibliotheque nationale de France _uhttp://catalogue.bnf.fr/ark:/12148/cb41479738j |
| 886 | 1 |
_2intermrc _a009 _ba--d--------------- |
|
| 886 | 2 |
_2intermrc _a680 _b0- _a320 _b320 |
|
| 942 |
_2lcc _cbk |
||
| 946 | _aaa | ||
| 994 |
_aC0 _bDRFGD |
||
| 999 |
_c27700 _d27700 |
||